000 00555nam a2200181 i 4500
001 26129
003 ES-MaACL
005 20231227163851.0
007 t|
008 030107s1921 sp ||||1| spa d
100 1 _aArnoux, Alexandre.
_923122
245 1 3 _aEl Cabaret /
_cAlexandre Arnoux ; traducción del francés por Bernardo G. de Candamo.
260 _aMadrid :
_b[s.n.,
_c1921] (
_fImp. Artística)
300 _a210 p. ;
_c19 cm.
700 1 _aCandamo, Bernardo G. de,
_d1881-1967
_934440
852 _aES-MaACL
_jA-3919
999 _c26129
_d26129